Problem solving in clinical medicine : From data to diagnosis
Presentation of straightforward, common-sense strategies that help students build their problem-solving skills and make sound diagnostic decisions.
Đã lưu trong:
| Príomhúdar: | |
|---|---|
| Formáid: | Leabhar |
| Teanga: | Undetermined |
| Foilsithe: |
Baltimore
Williams & Wilkins
1998
|
| Ábhair: | |
| Clibeanna: |
Cuir Clib Leis
Gan Chlibeanna, Bí ar an gcéad duine leis an taifead seo a chlibeáil!
|
| Thư viện lưu trữ: | Trung tâm Học liệu Trường Đại học Cần Thơ |
|---|
| LEADER | 00728nam a2200217Ia 4500 | ||
|---|---|---|---|
| 001 | CTU_158295 | ||
| 008 | 210402s9999 xx 000 0 und d | ||
| 020 | |c 44.95 | ||
| 082 | |a 616.07 | ||
| 082 | |b C989 | ||
| 100 | |a Cutler, Paul | ||
| 245 | 0 | |a Problem solving in clinical medicine : | |
| 245 | 0 | |b From data to diagnosis | |
| 245 | 0 | |c Paul Cutler | |
| 260 | |a Baltimore | ||
| 260 | |b Williams & Wilkins | ||
| 260 | |c 1998 | ||
| 520 | |a Presentation of straightforward, common-sense strategies that help students build their problem-solving skills and make sound diagnostic decisions. | ||
| 650 | |a Diagnosis,Medical logic,Clinical medicine | ||
| 904 | |i Giang | ||
| 980 | |a Trung tâm Học liệu Trường Đại học Cần Thơ | ||